000
00288nam a22001337a 4500
003
SGT
020
_a
978-93-82616-97-9
082
_a
954.04
_b
GUH
100
_a
GUHA, RAMACHANDRA
245
_a
INDIA AFTER GANDHI
260
_a
INDIA
_b
PICADOR
_c
2017
300
_a
919
942
_2
ddc
_c
BK
_0
2
999
_c
22110
_d
22110